Passport: MCSE/MCSA Windows XP Professional (Record no. 261)

MARC details
000 -LEADER
fixed length control field 00430nam a22001697a 4500
005 - DATE AND TIME OF LATEST TRANSACTION
control field 20180201140642.0
008 - FIXED-LENGTH DATA ELEMENTS--GENERAL INFORMATION
fixed length control field 160429b xxu||||| |||| 00| 0 eng d
020 ## - INTERNATIONAL STANDARD BOOK NUMBER
ISBN 81-7722273-2
041 ## - LANGUAGE CODE
Language code of text/sound track or separate title eng
082 ## - DEWEY DECIMAL CLASSIFICATION NUMBER
Item number 00793
Classification number 004
100 ## - MAIN ENTRY--AUTHOR NAME
Personal name Culp, Brian
245 ## - TITLE STATEMENT
Title Passport: MCSE/MCSA Windows XP Professional
260 ## - PUBLICATION, DISTRIBUTION, ETC. (IMPRINT)
Place of publication New Delhi
Name of publisher Dreamtech,
Year of publication 2002
300 ## - PHYSICAL DESCRIPTION
Number of Pages 451
650 ## - SUBJECT ADDED ENTRY--TOPICAL TERM
Topical Term Information Technology
942 ## - ADDED ENTRY ELEMENTS (KOHA)
Koha item type Books
Holdings
Lost status Damaged status Collection code Home library Current library Shelving location Date acquired Source of acquisition Cost, normal purchase price Full call number Accession Number Koha item type
    CS/IT JRU Library JRU Library SHELF-48-G 29/04/2016 PURCHASE 249.00 004 00793 Books
    CS/IT JRU Library JRU Library SHELF-48-G 29/04/2016 PURCHASE 249.00 004 00794 Books
    CS/IT JRU Library JRU Library SHELF-48-G 29/04/2016 PURCHASE 249.00 004 00795 Books